La nueva frontera de la economía / (Record no. 168526)

MARC details
000 -LEADER
campo de control de longitud fija 00899nam a22002535i 4500
001 - NÚMERO DE CONTROL
campo de control 168526
003 - IDENTIFICADOR DE NÚMERO DE CONTROL
campo de control ES-MaACL
005 - FECHA Y HORA DE LA ÚLTIMA TRANSACCIÓN
campo de control 20250721062644.0
008 - DATOS DE LONGITUD FIJA--INFORMACIÓN GENERAL
campo de control de longitud fija 080417s1980 sp |||| | spa d
020 ## - NÚMERO INTERNACIONAL ESTÁNDAR DEL LIBRO
Número Internacional Estándar del Libro 84-239-6214-8
080 ## - NÚMERO DE LA CLASIFICACIÓN DECIMAL UNIVERSAL
Número de la Clasificación Decimal Universal 33(04)
100 1# - ENTRADA PRINCIPAL--NOMBRE DE PERSONA
Nombre de persona McKenzie, Richard B.
9 (RLIN) 137607
245 13 - MENCIÓN DEL TÍTULO
Título La nueva frontera de la economía /
Mención de responsabilidad, etc. Richard B. McKenzie..., Gordon Tullock... ; [traducción del inglés por Antonio Menduiña].
260 ## - PUBLICACIÓN, DISTRIBUCIÓN, ETC.
Lugar de publicación, distribución, etc. Madrid :
Nombre del editor, distribuidor, etc. Espasa Calpe,
Fecha de publicación, distribución, etc. 1980.
300 ## - DESCRIPCIÓN FÍSICA
Extensión 386 p. ;
Dimensiones 20 cm.
490 1# - MENCIÓN DE SERIE
Mención de serie Biblioteca del Pensamiento Económico Moderno: Serie Mayor
504 ## - NOTA DE BIBLIOGRAFÍA, ETC.
Nota de bibliografía, etc. Bibliografía.
650 17 - PUNTO DE ACCESO ADICIONAL DE MATERIA--TÉRMINO DE MATERIA
Término de materia o nombre geográfico como elemento de entrada Economía
Fuente del encabezamiento o término embne
9 (RLIN) 12006
700 1# - ENTRADA AGREGADA--NOMBRE PERSONAL
Nombre de persona Tullock, Gordon.
9 (RLIN) 111670
700 1# - ENTRADA AGREGADA--NOMBRE PERSONAL
Nombre de persona Menduiña, Antonio.
9 (RLIN) 80273
830 0# - PUNTO DE ACCESO ADICIONAL DE SERIE-TÍTULO UNIFORME
Título uniforme Biblioteca del Pensamiento Económico Moderno: Serie Mayor
9 (RLIN) 181706
852 ## - LOCALIZACIÓN
Ubicación ES-MaACL
Número de control de estantería A-10024
itemnumber R.101494
Holdings
Estatus retirado Estado de pérdida Estado de daño No para préstamo Biblioteca de origen Biblioteca actual Ubicación en estantería Fecha de adquisición Fuente de adquisición Total de préstamos Signatura topográfica completa Código de barras Visto por última vez Precio de reemplazo Tipo de ítem Koha
        Biblioteca del Ateneo de Madrid Biblioteca del Ateneo de Madrid Depósito 1 17/04/2008     A-10024 1176851 23/02/2023 23/02/2023 Libro impreso